Eastern Utah Libraries Catalog: Duchesne, Heber, Roosevelt, & Vernal

Hunt, gather, parent : (Record no. 368176)

MARC details
000 -LEADER
fixed length control field 02881aam a2200409 i 4500
001 - CONTROL NUMBER
control field on1237818711
003 - CONTROL NUMBER IDENTIFIER
control field OCoLC
005 - DATE AND TIME OF LATEST TRANSACTION
control field 20250829103425.0
008 - FIXED-LENGTH DATA ELEMENTS--GENERAL INFORMATION
fixed length control field 210219s2021 nyua b 001 0 eng d
020 ## - INTERNATIONAL STANDARD BOOK NUMBER
International Standard Book Number 9781982149673
Qualifying information (hbk.)
020 ## - INTERNATIONAL STANDARD BOOK NUMBER
International Standard Book Number 1982149671
Qualifying information (hbk.)
035 ## - SYSTEM CONTROL NUMBER
System control number (OCoLC)1237818711
040 ## - CATALOGING SOURCE
Original cataloging agency NjBwBT
Language of cataloging eng
Transcribing agency OQX
Description conventions rda
Modifying agency OQX
-- OCLCO
-- TnLvILS
082 ## - DEWEY DECIMAL CLASSIFICATION NUMBER
Classification number 306.84 Doucleff
092 ## - LOCALLY ASSIGNED DEWEY CALL NUMBER (OCLC)
Classification number 306.874
100 1# - MAIN ENTRY--PERSONAL NAME
Personal name Doucleff, Michaeleen,
Relator term author.
9 (RLIN) 6435626
245 10 - TITLE STATEMENT
Title Hunt, gather, parent :
Remainder of title what ancient cultures can teach us about the lost art of raising happy, helpful little humans /
Statement of responsibility, etc Michaeleen Doucleff, PhD ; illustrations by Ella Trujillo.
246 30 - VARYING FORM OF TITLE
Title proper/short title Parent :
Remainder of title what ancient cultures can teach us about the lost art of raising happy, helpful little humans.
250 ## - EDITION STATEMENT
Edition statement First Avid Reader Press hardcover edition.
264 #1 - Production, Publication, Distribution, Manufacture, and Copyright Notice.
Place of production, publication, distribution, manufacture New York :
Name of producer, publisher, distributor, manufacturer Avid Reader Press,
Date of production, publication, distribution, manufacture, or copyr 2021.
300 ## - PHYSICAL DESCRIPTION
Extent viii, 341 pages :
Other physical details illustrations ;
Dimensions 25 cm.
336 ## - Content Type
Content type term text
336 ## - Content Type
Content type term still image
337 ## - Media type
Media type term unmediated
338 ## - Carrier type
Carrier type term volume
504 ## - BIBLIOGRAPHY, ETC. NOTE
Bibliography, etc Includes bibliographical references (pages 313-328) and index.
505 0# - FORMATTED CONTENTS NOTE
Formatted contents note Section 1. Weird wild west. The weirdest parents in the world ; Why do we parent the way we do? -- Section 2. Maya method. The most helpful kids in the world ; How to teach kids to do chores, voluntarily ; How to raise flexible, cooperative kids ; Master motivators: what's better than praise? -- Section 3. Inuit emotional intelligence. Never in anger ; How to teach children to control their anger ; How to stop being angry at your child ; Introduction to parenting tools ; Tools for sculpting behavior: stories ; Tools for sculpting behavior: dramas -- Section 4. Hadzabe health. How did our ancient ancestors parent ; The most confident kids in the world ; Ancient antidote for depression ; Sleep -- Practical sections. Train helpfulness ; Train cooperation ; Learn to motivate children ; Learn to have less anger toward children ; Discipline without words ; Discipline with stories ; Discipline through dramas ; Boost confidence and self-reliance ; Build emotional support for the family (and give yourself a break)
520 ## - SUMMARY, ETC.
Summary, etc An NPR Science Desk correspondent challenges the misleading child-rearing practices commonly recommended to parents, outlining alternatives grounded in international ancestral traditions that are being used effectively throughout the modern world.
650 #0 - SUBJECT ADDED ENTRY--TOPICAL TERM
Topical term or geographic name as entry element Parenting.
650 #0 - SUBJECT ADDED ENTRY--TOPICAL TERM
Topical term or geographic name as entry element Parent and child
Form subdivision Case studies.
9 (RLIN) 6435627
650 #0 - SUBJECT ADDED ENTRY--TOPICAL TERM
Topical term or geographic name as entry element Parenting
Form subdivision Cross-cultural studies.
9 (RLIN) 6435628
650 #0 - SUBJECT ADDED ENTRY--TOPICAL TERM
Topical term or geographic name as entry element Child rearing
Form subdivision Cross-cultural studies.
9 (RLIN) 6435629
650 #0 - SUBJECT ADDED ENTRY--TOPICAL TERM
Topical term or geographic name as entry element Child development
Form subdivision Cross-cultural studies.
9 (RLIN) 6435630
700 1# - ADDED ENTRY--PERSONAL NAME
Personal name Trujillo, Ella,
Relator term illustrator.
9 (RLIN) 6435631
907 ## - LOCAL DATA ELEMENT G, LDG (RLIN)
a .b444627108
942 ## - ADDED ENTRY ELEMENTS (KOHA)
Source of classification or shelving scheme Dewey Decimal Classification
Koha item type BOOK
Holdings
Withdrawn status Lost status Source of classification or shelving scheme Damaged status Not for loan Collection code Home library Current library Shelving location Date acquired Source of acquisition Total Checkouts Total Renewals Full call number Barcode Checked out Date last seen Date checked out Cost, replacement price Price effective from Koha item type
    Dewey Decimal Classification     General NonFiction Wasatch County Library Wasatch County Library Second Floor 12/02/2021 Amazon 19 19 306.874 Dou 34301001886664 04/28/2026 03/02/2026 03/02/2026 27.00 12/02/2021 BOOK
This project was made possible through a grant from the Institute of Museum and Library Service administered by the Utah State Library Division.

Wasatch County Library

  • 465 East 1200 South, Heber City, Utah 84032
  • Phone 435-654-1511 | Fax 435-654-6456

Hours

  • Monday - Friday 9:30 AM - 8:00 PM
  • Saturday 9:30 AM - 1:30 PM
  • Closed Sundays and Holidays